Edward Garnett, a life in literature /

Bibliographic Details
Main Author: Jefferson, George (Writer on librarianship)
Format: Book
Language:English
Published: London : Cape, [1982]
Edition:Uncorrected proof.
Subjects:

MARC

Tag First Indicator Second Indicator Subfields
LEADER 00000cam a2200000Ia 4500
001 in00002467141
005 20151110084510.0
008 090327s1982 enk b 000 0beng d
020 |a 0224014889 
020 |a 9780224014885 
035 |a (OCoLC)ocn317303765 
035 |a (OCoLC)317303765 
040 |a TXA  |c TXA  |d UtOrBLW 
043 |a e-uk-en 
049 |a TXAM 
090 |a PR6013.A67  |b Z83 1982b 
100 1 |a Jefferson, George  |c (Writer on librarianship) 
245 1 0 |a Edward Garnett, a life in literature /  |c George Jefferson. 
246 3 0 |a Life in literature 
250 |a Uncorrected proof. 
264 1 |a London :  |b Cape,  |c [1982] 
300 |a 339 pages ;  |c 21 cm. 
336 |a text  |b txt  |2 rdacontent 
337 |a unmediated  |b n  |2 rdamedia 
338 |a volume  |b nc  |2 rdacarrier 
504 |a Includes bibliographical references. 
600 1 0 |a Garnett, Edward,  |d 1868-1937. 
650 0 |a Authors, English  |y 20th century  |v Biography. 
650 0 |a Critics  |z England  |v Biography. 
650 0 |a Authors and publishers  |z England  |x History  |y 20th century. 
994 |a C0  |b TXA 
948 |a cataloged  |b h  |c 2009/3/27  |d o  |e nbehmer  |f 10:46:00 am 
999 |a MARS 
999 f f |s 86e76cac-baac-3957-9075-e781b8cdffc5  |i 69260726-f472-3ceb-b436-83d975896f46  |t 0 
952 f f |p noncirc  |a Texas A&M University  |b College Station  |c Cushing Memorial Library & Archives  |d Cushing: Literature/Mitchell (Does not check out)  |t 0  |e PR6013.A67 Z83 1982b  |h Library of Congress classification  |i unmediated -- volume 
998 f f |a PR6013.A67 Z83 1982b  |t 0  |l Cushing: Literature/Mitchell (Does not check out)